书目信息 |
| 题名: |
岩溶山区基础工程与结构设计实践
|
|
| 作者: | 赖庆文, , 申晨龙, , 邓曦, 著 | |
| 分册: | ||
| 出版信息: | 北京 中国建筑工业出版社 2024.06 |
|
| 页数: | X, 364页 | |
| 开本: | 26cm | |
| 丛书名: | ||
| 单 册: | ||
| 中图分类: | TU475 | |
| 科图分类: | ||
| 主题词: | 岩溶区--yan rong qu--地基--基础(工程) | |
| 电子资源: | ||
| ISBN: | 978-7-112-29973-7 | |
| 000 | 02111nam 2200277 450 | |
| 001 | 91132 | |
| 005 | 20250816163756.06 | |
| 010 | @a978-7-112-29973-7@dCNY128.00 | |
| 100 | @a20240813d2024 em y0chiy50 ea | |
| 101 | 0 | @achi |
| 102 | @aCN@b110000 | |
| 105 | @aak a 000yy | |
| 106 | @ar | |
| 200 | 1 | @a岩溶山区基础工程与结构设计实践@Ayan rong shan qu ji chu gong cheng yu jie gou she ji shi jian@f赖庆文, 申晨龙, 邓曦著 |
| 210 | @a北京@c中国建筑工业出版社@d2024.06 | |
| 215 | @aX, 364页@c图 (部分彩图)@d26cm | |
| 314 | @a赖庆文 (1967.12-), 贵州省建筑设计研究院有限责任公司总工程师, 贵州省勘察设计大师, 贵州省土木建筑工程学会副理事长, 贵州省超限高层建筑工程抗震设防审查专家委员会主任委员, 全国超限高层建筑工程抗震设防审查专家委员会委员, 第五届贵州省优秀科技工作者, 工程技术应用研究员。申晨龙 (1977.05-), 贵州省建筑设计研究院有限责任公司副总工程师, 贵州省优秀青年勘察设计师, 国家一级注册结构工程师, 教授级高级工程师, 贵州大学空间结构研究中心研究生校外导师, 贵州省建筑门窗幕墙产业协会计算顾问。邓曦 (1984.11-), 贵州省建筑设计研究院有限责任公司结构专业主任工程师, 贵州省优秀青年勘察设计师, 一级注册结构工程师, 高级工程师。 | |
| 320 | @a有书目 | |
| 330 | @a本书全面反映了作者近十余年在贵州省建筑和市政工程项目结构设计和研究的成果, 特别是在山区岩溶岩石和深回填地基、坡地上大型工业与民用建筑、市政地下结构的工程实践。内容为岩溶山区基础设计理论创新和结构设计实例总结, 包括龙洞堡机场超深回填土岩溶场地变截面百米长桩、承载力达780kPa块石回填地基、近300m超高层建筑下深约50m复杂岩溶地基、深达30余m抗浮水位20余m岩石地基上178m超长、45000立方米大体积混凝土底板的大型地下污水厂、总高差达百米坡地上115万平方米住宅小区的贵阳南明河壹号工程和茅台酒技改项目等荣获华夏科学技术进步奖、全国勘察设计行业奖, 中国建筑学会建筑结构奖和省土木工程创新奖的项目, 设计达到国内领先或先进水平, 对同类工程设计建造有很好的学术参考价值和工程应用价值。 | |
| 606 | 0 | @a岩溶区@Ayan rong qu@x地基@x基础(工程) |
| 690 | @aTU475@v5 | |
| 701 | 0 | @a赖庆文,@Alai qing wen@f1967-@4著 |
| 701 | 0 | @a申晨龙,@Ashen chen long@f1977-@4著 |
| 701 | 0 | @a邓曦,@Adeng xi@f1984-@4著 |
| 801 | 0 | @aCN@c20250909 |
| 905 | @a河南城建学院图书馆@dTU475@eL032@f1 | |
| 岩溶山区基础工程与结构设计实践/赖庆文, 申晨龙, 邓曦著.-北京:中国建筑工业出版社,2024.06 |
| X, 364页:图 (部分彩图);26cm |
| ISBN 978-7-112-29973-7:CNY128.00 |
| 本书全面反映了作者近十余年在贵州省建筑和市政工程项目结构设计和研究的成果, 特别是在山区岩溶岩石和深回填地基、坡地上大型工业与民用建筑、市政地下结构的工程实践。内容为岩溶山区基础设计理论创新和结构设计实例总结, 包括龙洞堡机场超深回填土岩溶场地变截面百米长桩、承载力达780kPa块石回填地基、近300m超高层建筑下深约50m复杂岩溶地基、深达30余m抗浮水位20余m岩石地基上178m超长、45000立方米大体积混凝土底板的大型地下污水厂、总高差达百米坡地上115万平方米住宅小区的贵阳南明河壹号工程和茅台酒技改项目等荣获华夏科学技术进步奖、全国勘察设计行业奖, 中国建筑学会建筑结构奖和省土木工程创新奖的项目, 设计达到国内领先或先进水平, 对同类工程设计建造有很好的学术参考价值和工程应用价值。 |
| ● |
| 相关链接 |
|
|
|
正题名:岩溶山区基础工程与结构设计实践
索取号:TU475/L032
 
预约/预借
| 序号 | 登录号 | 条形码 | 馆藏地/架位号 | 状态 | 备注 |
| 1 | 1625094 | 216250946 | 建筑库101/101建筑库 98排4列4层/ [索取号:TU475/L032] | 在馆 |